Statistiques concernant Scientifiques par lettre - D

Cliquez ici pour prendre le quiz!

Statistiques générales

  • Ce quiz a été pris 92 fois
  • Le résultat moyen est 5 sur 12

Statistiques - réponses

IndiceRéponse% Correct
Biologiste à l'origine de la théorie sur la sélection naturelleCharles Darwin
94%
Scientifique et philosophe, il est connu pour le "Discours sur la méthode"René Descartes
87%
Une marque d'aspirateur porte son nomFreeman Dyson
82%
Célèbre notamment pour ses recherches sur le daltonismeJohn Dalton
79%
Lorsqu'une ambulance passe, la fréquence de la sirène semble changerChristian Doppler
61%
Inventeur du moteur à combustion interne portant son nomRudolf Diesel
37%
Un des fondateurs de la mécanique quantique. Une distribution porte notamment son nomPaul Dirac
23%
Créateur d'un algorithme permettant de calculer des plus courts chemins dans un graphe orientéEdsger Dijkstra
18%
L'unité de mesure du moment dipolaire porte son nomPeter Debye
17%
Prussien ayant déterminé une condition sur les fonctions pour la convergence de la série de FourierJohann Peter Gustav Lejeune Dirichlet
9%
Mathématicien français ayant travaillé sur l'analyse et la géométrie différentielleGaston Darboux
2%
Auteur de travaux sur les équations aux dérivées partielles, sur l'acoustique et la propagation de la chaleurJean-Marie Duhamel
2%

Distribution des résultats

Percentile par nombre de réponses

% des personnes avec chaque résultat

Votre développement - résultats

Vous n’avez pas pris ce quiz